01012nam a22002177a 4500003000900000008004100009020001800050040007100068082001500139100001800154245009500172260006600267300002600333505029100359650001700650650002100667650002200688650002500710650002200735700003700757AR-CdUCM190305b ||||| |||| 00| 0 spa d a970-620-847-X aMUNICIPALIDAD PROVINCIAL DEL CUSCOcBIBLIOTECA MUNICIPAL DEL CUSCO a307 /bC68 aCohen, Ira J. aTeoría de la estructuración :bAnthony Giddens y la constitución de la vida social / aMéxico, D.F :bUniversidad Autónoma Metropolitana,c1996. a353 paginas ;c22 cm. ateoría de la estructuración y praxis social -- Morfología de nuestros días y praxis social: una critica -- La formación de patrones y la articulación de sistemas a través del tiempo y el espacio -- La organización de sistemas sociales: un manifiesto no funcionalista ... aSociología aGiddens, Anthony aEstructura social ateoría estructural aSistemas sociales aGonzáles Ruiz, Ángel Carlos